Ekonomičeskaja psichologija i variativnost' modelej ekonomičeskogo povedenija.
Kritika mechanického preberania koncepcií západných ekonomických škôl, kopírovania ekonomických modelov západného vzoru, ktoré podriadili ekonomickú vedu o človeku logike matematických modelov. Ekonomická prax si vynútila formovanie medzidisciplinárnych smerov ekonomického myslenia, ktoré sú na hran...
Gespeichert in:
| 1. Verfasser: | |
|---|---|
| Format: | Buchkapitel |
| Sprache: | Russisch |
| Schlagworte: | |
| Tags: |
Keine Tags, Fügen Sie das erste Tag hinzu!
|
MARC
| LEADER | 00000naa a2200000 4500 | ||
|---|---|---|---|
| 001 | r006204 | ||
| 005 | 20221130102846.0 | ||
| 041 | 0 | |a rus | |
| 044 | |a [SU] | ||
| 245 | 1 | 0 | |a Ekonomičeskaja psichologija i variativnost' modelej ekonomičeskogo povedenija. |c S. Malachov |
| 520 | |a Kritika mechanického preberania koncepcií západných ekonomických škôl, kopírovania ekonomických modelov západného vzoru, ktoré podriadili ekonomickú vedu o človeku logike matematických modelov. Ekonomická prax si vynútila formovanie medzidisciplinárnych smerov ekonomického myslenia, ktoré sú na hranici ekonómie a psychológie, a to teórie správania a teórie ekonomickej psychológie, modelov "ekonomického človeka". Príklady ich využitia v praxi a ich odrazu v sovietskej ekonomickej vede. | ||
| 610 | 2 | 0 | |a modely ekonomické |
| 610 | 2 | 0 | |a veda ekonomická |
| 610 | 2 | 0 | |a psychológia inžinierska |
| 610 | 2 | 0 | |a správanie |
| 610 | 2 | 0 | |a teórie ekonomické |
| 610 | 2 | 0 | |a ZSSR |
| 100 | 1 | |a Malachov, S. | |